| LEADER |
01029nam0a2200205 450 |
| 001 |
16828116 |
| 010 |
|
|
|a 978-2-302-05387-8
|b rel.
|d 17,95
|
| 100 |
|
|
|a 20170621d2026 u u0frey01 ba
|
| 101 |
0 |
|
|a fre
|
| 102 |
|
|
|a FR
|
| 200 |
0 |
|
|a Au pied de la falaise
|f ByMöko
|
| 207 |
|
1 |
|a
|
| 210 |
|
|
|a Toulon
|c Soleil
|d DL 2017
|
| 215 |
|
|
|a 1 vol. (149 p.)
|c ill. en coul.
|d 29 cm
|
| 225 |
1 |
|
|a Noctambule
|
| 330 |
|
|
|a A travers un véritable cycle de vie, Akou n'a de cesse d'apprendre : apprendre l'étroitesse du lien qui unit la vie à la mort lors de la perte de son grand-père ; apprendre aux côtés de son père, chef de village ; apprendre le pouvoir de l'ombre et de la lumière ; apprendre à travers un rituel initiatique à devenir un Homme ; apprendre l'amour, la vie de famille, l'entraide... et apprendre à nouveau à perdre...
|
| 700 |
|
0 |
|a ByMöko
|4 70
|
| 900 |
|
|
|a Bandes déssinées ADULTE
|
| 901 |
|
|
|a Accessible au prêt
|
| 995 |
|
|
|a Bibliothèque
|c Bibliothèque
|f 024018210
|h 024018210
|k BDA BYM
|o p
|q a
|r az
|e Bibliothèque
|